Integrating program management and system engineering: (Record no. 1268)

MARC details
000 -LEADER
fixed length control field 00848nam a22002297a 4500
005 - DATE AND TIME OF LATEST TRANSACTION
control field 20230217053915.0
008 - FIXED-LENGTH DATA ELEMENTS--GENERAL INFORMATION
fixed length control field 230217b |||||||| |||| 00| 0 eng d
020 ## - INTERNATIONAL STANDARD BOOK NUMBER
International Standard Book Number 978-1-119-25892-6
082 ## - DEWEY DECIMAL CLASSIFICATION NUMBER
Classification number 658.404 In61 2017
100 ## - MAIN ENTRY--PERSONAL NAME
Personal name Rebentisch, Eric S.
Relator term editor
245 ## - TITLE STATEMENT
Title Integrating program management and system engineering:
Remainder of title methods, tools, and organizational systems for improving performance /
Statement of responsibility, etc. Eric S. Rebentisch editor in chief; with foreword by Larry Prusak
260 ## - PUBLICATION, DISTRIBUTION, ETC.
Place of publication, distribution, etc. New Jersey:
Name of publisher, distributor, etc. John Wiley,
Date of publication, distribution, etc. c2017.
300 ## - PHYSICAL DESCRIPTION
Extent iiv, 396p,;
Other physical details ill.
504 ## - BIBLIOGRAPHY, ETC. NOTE
Bibliography, etc. note Includes references and index
541 ## - IMMEDIATE SOURCE OF ACQUISITION NOTE
Accession number 5730
650 ## - SUBJECT ADDED ENTRY--TOPICAL TERM
Topical term or geographic name entry element Project management
650 ## - SUBJECT ADDED ENTRY--TOPICAL TERM
Topical term or geographic name entry element System analysis
650 ## - SUBJECT ADDED ENTRY--TOPICAL TERM
Topical term or geographic name entry element System engineering
650 ## - SUBJECT ADDED ENTRY--TOPICAL TERM
Topical term or geographic name entry element Organizational behavior
650 ## - SUBJECT ADDED ENTRY--TOPICAL TERM
Topical term or geographic name entry element Industrial engineering
700 ## - ADDED ENTRY--PERSONAL NAME
Personal name Prusak, Larry
Relator term writer of foreword
Holdings
Withdrawn status Lost status Source of classification or shelving scheme Damaged status Not for loan Home library Current library Date acquired Total Checkouts Full call number Barcode Date last seen Copy number Price effective from Koha item type
    Dewey Decimal Classification     ctu-moalboal ctu-moalboal 01/14/2019   658.404 In61 2017 5730 02/17/2023 1 02/17/2023 Books-Reference